| 000 | 00881nas a2200289 4500 | ||
|---|---|---|---|
| 001 | BR0300683 | ||
| 003 | BR-BrBNA | ||
| 005 | 20231205103554.0 | ||
| 007 | ta | ||
| 008 | 230509b bl.|||p| |||| 00| 00por d | ||
| 040 |
_aBR-BrBNA _bpor _cBiblioteca Nacional de Agricultura |
||
| 041 | _a(Pt) | ||
| 072 | _aQ04 | ||
| 100 | 1 | _aPark, Y.K. | |
| 100 | 1 | _aAlencar, S.M. | |
| 100 | 1 | _aScamparini, A.R.P. | |
| 100 | 1 | _aAguiar, C.L. | |
| 245 | 1 | _aPrópolis produzida no Sul do Brasil, Argentina e Uruguai: evidências fitoquímicas de sua origem vegetal | |
| 650 | _aABELHA AFRICANA | ||
| 650 | _aCHOUPO | ||
| 650 | _aPRÓPOLIS | ||
| 650 | _aANÁLISE QUÍMICA | ||
| 650 | _aANÁLISE ORGANOLÉPTICA | ||
| 773 | 0 |
_tCiência Rural (Brazil) _xISSN 0103-8478 _g(Nov-Dec 2002), v. 32(6) p. 997-1003 _wBR0300683 |
|
| 909 |
_a202311 _bLúcia _c55 _dLúcia Elande |
||
| 942 |
_2AGRIS _n0 _cANA |
||
| 999 |
_c173584 _d173584 |
||